| 000 | 01042nam a22002657a 4500 | ||
|---|---|---|---|
| 999 |
_c8940 _d8940 |
||
| 003 | AR-CdUCM | ||
| 008 | 190327b ||||| |||| 00| 0 spa d | ||
| 020 | _a978-9972-9043-6-3 | ||
| 040 |
_aMUNICIPALIDAD PROVINCIAL DEL CUSCO _cBIBLIOTECA MUNICIPAL DEL CUSCO |
||
| 082 |
_a232.91 / _bG66 |
||
| 100 |
_aGonzález-Quevedo, Oscar _924820 |
||
| 245 |
_aNuestra Señora de Guadalupe : _bla visión de María sobre América Latina / |
||
| 260 |
_aLima : _bRicardo Angulo-Basombrío, _c2014. |
||
| 300 |
_a62 páginas ; _blámina, _c19 cm. |
||
| 500 | _a¿No estoy aquí Yo que soy tu madre? | ||
| 505 | _aContenido: Nuestra señora -- El pueblo Azteca -- Una historia del siglo XVI -- Juan Diego -- De la ermita a las basílicas ... | ||
| 650 |
_aApariciones y milagros _924821 |
||
| 650 |
_aNuestra Señora de Guadalupe _924822 |
||
| 650 |
_aHistoria _9136 |
||
| 650 |
_aReligión _91195 |
||
| 700 |
_aAngulo Basombrío, Ricardo (editor) _924823 |
||
| 710 |
_aComunidad Pasionista (auspicio) _924824 |
||
| 942 |
_2ddc _cLIBROS |
||
| 945 | _aachl | ||